00302nam a2200121Ia 4500008004100000082001600041100002200057245004400079250001200123260002800135300000900163650000800172191201s2009 xx 000 0 und d a658.22bMUM aMULLINS, Laurie J 0aManagement and Organisational Behaviour a3rd IMP aN. DelhibPearsonc2009 a1095 aBBA